تحميل...

Structural Use of Wood in Adverse Environment

التفاصيل البيبلوغرافية
المؤلف الرئيسي: Meyer,Robert W
مؤلفون آخرون: Kellog,Robert M
التنسيق: Printed Book
منشور في: New York VNR 1982
LEADER 00467nam a22001457a 4500
020 |a 0442287445 
082 |a 624.184  |b MEY/ST 
100 |a Meyer,Robert W 
245 |a Structural Use of Wood in Adverse Environment 
260 |a New York  |b VNR  |c 1982 
300 |a 510p.  |b HB 
700 |a Kellog,Robert M 
942 |c BK 
999 |c 7424  |d 7424 
952 |0 0  |1 0  |4 0  |6 624_184000000000000_MEY_ST  |7 0  |8 NFIC  |9 9711  |a KUFOS  |b KUFOS  |c GEN  |d 2016-06-27  |o 624.184 MEY/ST  |p 06056  |r 2016-06-27  |w 2016-06-27  |y BK